Prejavy fyzického, psychického a verbálneho násilia v školách = Manifestations of the physical, psychological and verbal violence in schools : Diplomová práca

Gespeichert in:
Bibliographische Detailangaben
1. Verfasser: Šastinská, Viera (Verfasst von)
Weitere Verfasser: Kaššáková, Viera, 1950- (xxx)
Format: Manuskript Buch
Sprache:Slowakisch
Veröffentlicht: Trnava : STU v Bratislave MTF UIPH, 2009
Schlagworte:
Tags: Tag hinzufügen
Keine Tags, Fügen Sie das erste Tag hinzu!

MARC

LEADER 00000ntm a22000003a 4500
001 stu198749
005 20160719160102.8
008 100122s2009----xo------------------slo-d
040 |a STU  |b slo 
041 0 |a slo 
044 |a xo 
100 1 |a Šastinská, Viera  |4 aut 
245 1 |a Prejavy fyzického, psychického a verbálneho násilia v školách = Manifestations of the physical, psychological and verbal violence in schools :  |b Diplomová práca 
260 |a Trnava :  |b STU v Bratislave MTF UIPH,  |c 2009 
300 |a 63 s  |c prílohy (1 CD-ROM) 
500 |a Študijný program: učiteľstvo technických profesijných predmetov 
500 |a Študijný odbor: 1.1.2 učiteľstvo profesijných predmetov a praktickej prípravy 
650 7 |a šikanovanie  |2 stusub 
650 7 |a agresivita  |2 stusub 
700 1 |a Kaššáková, Viera,  |d 1950-  |4 xxx  |u M240  |U MTF Ústav materiálov  |T MTF Katedra nekovových materiálov  |X 1464  |U M240  |Y M240  |7 A000001464 
996 |b 284M077768  |c M*DP-8789  |l MMSKP  |s P  |a 0  |w stu198749_0001